THERAPEUTICAL PROSPECTIVE OF MARINE BIOMOLECULES (Record no. 35012)

MARC details
000 -LEADER
fixed length control field 00439nam a22001817a 4500
003 - CONTROL NUMBER IDENTIFIER
control field SGT
020 ## - INTERNATIONAL STANDARD BOOK NUMBER
International Standard Book Number
082 ## - DEWEY DECIMAL CLASSIFICATION NUMBER
Classification number 615.3
Item number T13K
100 ## - MAIN ENTRY--PERSONAL NAME
Personal name KUSH, LUV, ed.
245 ## - TITLE STATEMENT
Title THERAPEUTICAL PROSPECTIVE OF MARINE BIOMOLECULES
250 ## - EDITION STATEMENT
Edition statement 1ST
260 ## - PUBLICATION, DISTRIBUTION, ETC. (IMPRINT)
Place of publication, distribution, etc DELHI
Name of publisher, distributor, etc VANDANA PUB.
Year of Publication 2023
300 ## - PAGE DESCRIPTION
No. of Pages 283
650 ## - SUBJECT ADDED ENTRY--TOPICAL TERM
Topical term or geographic name as entry element PHARMACY
653 ## - KEYWORDS--INDEX TERM
Keyword term THERAPEUTICAS, PROSPECTIVE, MARINE, BIOMOLECULES
942 ## - ADDED ENTRY ELEMENTS (KOHA)
Source of classification or shelving scheme Dewey Decimal Classification
Koha item type Books
Holdings
Withdrawn status Lost status Source of classification or shelving scheme Damaged status Use restrictions Not for loan Collection code Home library Current library Shelving location Date acquired Vendor Name Cost, normal purchase price SGTU Total Checkouts Full call number Accession No. (Barcode) Date last seen Bill Date Koha item type
    Dewey Decimal Classification   Restricted Access   PHARMACY SGT FA-FP Library SGT FA-FP Library On Display 03/07/2026 SGT UNIVERSITY Dr. ATUL NASA 1125.00 SGTU   615.3 T13K FP5671G 03/07/2026 03/07/2026 Books
    Dewey Decimal Classification   Restricted Access   PHARMACY SGT FA-FP Library SGT FA-FP Library On Display 03/07/2026 SGT UNIVERSITY Dr. ATUL NASA 1125.00 SGTU   615.3 T13K FP5672G 03/07/2026 03/07/2026 Books
    Dewey Decimal Classification   Restricted Access   PHARMACY SGT FA-FP Library SGT FA-FP Library On Display 03/07/2026 SGT UNIVERSITY Dr. ATUL NASA 1125.00 SGTU   615.3 T13K FP5673G 03/07/2026 03/07/2026 Books
    Dewey Decimal Classification   Restricted Access   PHARMACY SGT FA-FP Library SGT FA-FP Library On Display 03/07/2026 SGT UNIVERSITY Dr. ATUL NASA 1125.00 SGTU   615.3 T13K FP5674G 03/07/2026 03/07/2026 Books
    Dewey Decimal Classification   Restricted Access   PHARMACY SGT FA-FP Library SGT FA-FP Library On Display 03/07/2026 SGT UNIVERSITY Dr. ATUL NASA 1125.00 SGTU   615.3 T13K FP5675G 03/07/2026 03/07/2026 Books